Score 0/15 Timer 03:00
0 Plays Today
Song Missing Word % Correct
Crazy Little Thing Called _____Love
99%
Have Yourself a Merry Little _____Christmas
94.4%
With a Little _____ From My FriendsHelp
93.7%
Little _____ CorvetteRed
91.4%
_____ Up Little SusieWake
76.5%
Little _____ DovesWhite
69.2%
_____ Little SecretDirty
64.3%
Go Away Little _____Girl
61.7%
Song Missing Word % Correct
_____ a Little TendernessTry
54.9%
_____ a Little BitGive
47.3%
A Little Less _____Conversation
42.9%
Little Miss Can't Be _____Wrong
41.3%
Every Little _____Step
24.8%
Little _____Lies
20.8%
Little _____Jeannie
12.4%

Today's Daily Dose

Missing Word
Lizzo Songs

Get the Picture
The Longest Rivers

Remove Ads.
Support Sporcle.
Get the best of Sporcle when you Go Orange. This ad-free experience offers more features, more stats, and more fun while also helping to support Sporcle. Thank you for becoming a member.

You're not logged in!

Compare scores with friends on all Sporcle quizzes.
OR
Log In

Show Comments

Extras

Top Quizzes Today


Score Distribution

Your Account Isn't Verified!

In order to create a playlist on Sporcle, you need to verify the email address you used during registration. Go to your Sporcle Settings to finish the process.

Report this User

Report this user for behavior that violates our Community Guidelines.

Details: